000 01048nam a2200241Ia 4500
003 Ost
005 20260507075802.0
008 260507s9999||||xx |||||||||||||| ||und||
020 _a9789961014509
040 _cfsecg
041 _aara
082 _a658.401
100 _aمعراج، هواري
_eمؤلف
245 0 _aمدخل إلى مراقبة التسيير /
_c هواري معراج
260 _aالجزائر :
_bديوان المطبوعات الجامعية,
_c2011
300 _a100 صفحة؛
_bإيضاحات ؛
_c22 سم
504 _aبيبليوغرافيا: ص ص.97-98
520 _aيضم مراقبة التسيير المفهوم والأسس، واقع مراقبة التسيير في المؤسسة، مراقبة التسيير للوظائف الإدارية ، لوحة القيادة، الاشكالية الجديدة للإنتاج.
653 _aإدارة الأعمال
653 _aالرقابة الادارية
700 _aالباهي، مصطفى
_eمؤلف ثانوي
942 _cكتاب
999 _c46298
_d46298